00485 2200169 4500001002100000005001500021008004100036020002200077035001900099041000700118082001100125090001700136100003600153245006300189260002900252300003400281INLIS00000000000067520241224112219241224||||||||| | ||| |||| || |  a978-602-98821-8-6 0010-1224000675 aid0 a303.34 a303.34 UND b0 aUndang Sudrajat dan kawan-kawan00aBanjar Satu Dekade Resep Manjur Kepemimpinan Dokter Herman aGarutbYaf Publishc2013 axxxiv, 226 hlm; ilus; 20,7 cm